000 00472nam a2200181Ia 4500
008 180207s9999 xx 000 0 und d
020 _a9781869430801
050 _bA221 1991
100 _aAdamson, Linda
245 _aLove to learn songbook /
245 _ccollected by Linda Adamson ; illustrated by Vasanti Patel.
260 _aNew York :
260 _bScholastic,
260 _c1991
300 _a61 pages :
300 _bchiefly colored ;
300 _c22cm.
999 _c355613
_d355613